| 000 | 02033nam a2200445 c 4500 | ||
|---|---|---|---|
| 003 | BLK | ||
| 005 | 20250508094601.0 | ||
| 008 | 180409b bul|||||r ||||||| ||bul|| | ||
| 010 | _aKNG00114240000 | ||
| 020 |
_a954-9933-34-2 _bиздат.: Леге Артис |
||
| 040 | _aBLK | ||
| 041 |
_aBUL _cBUL |
||
| 080 |
_aНародни приказки _b398.21 _x:159.964.2 _z398.21:159.964.2 |
||
| 080 |
_aПисменост. Системи на писмо. Знаци и символи. Кодове. Графическо представяне на мисълта. Вж и 744. 9; 801. Семиотика(общи въпр. ) _b003 _x _z003 |
||
| 080 |
_aПсихоанализа _b159.964.2 _x _z159.964.2 |
||
| 100 | 1 |
_aФранц, Мари-Луиз фон _eпърви автор _9368647 |
|
| 700 | 1 |
_aВасилева, Бистра Константинова _eпрев. _9375596 |
|
| 139 |
_aФранц, Мари-Луиз фон _bФ 78 |
||
| 245 | 1 | 0 |
_aАрхетипови мотиви във вълшебните приказки _cМари-Луиз фон Франц; прев. Бистра Константинова Василева. |
| 257 | _aCAN | ||
| 260 |
_аПлевен _bЛеге Артис _c2003 _fСофия : Вулкан |
||
| 300 |
_a248 с. _c19 см |
||
| 380 | _a3 | ||
| 490 | 1 | _aК. Г. Юнг последователи | |
| 500 | _aОриг. загл. Archetypal Patterns in Fairy Tales / Marie-Louise von Franz. - Офс. изд. | ||
| 650 | 4 |
_aПриказки - теми, образи, сюжети _9262981 |
|
| 650 | 4 |
_aСимволи и знаци _9247835 |
|
| 650 | 4 |
_aПсихоанализа _9168303 |
|
| 653 | _aприказки | ||
| 653 | _aтеми | ||
| 653 | _aсюжети | ||
| 653 | _aвълшебни приказки | ||
| 653 | _aпсихоанализа | ||
| 852 | _aЦб 220437 | ||
| 856 | 4 |
_qpdf _u |
|
| 856 | 4 |
_qpdf _u |
|
| 942 |
_cKNG _n0 _03 |
||
| 944 |
_aCR _c16.07.2004 _k30542 _lРусанова Ирена |
||
| 944 |
_aED _c28.03.2005 _k |
||
| 999 |
_c108929 _d108929 |
||